MDQL
is popping MORE tags! Check the
thread
!
Quizzes
Events
Quiz Creation
Community
Videos
Private Events
Remove Ads
Sign In
Join for FREE
Feedback
Dark Mode
Quiz Categories
Sports
Geography
Music
Movies
Television
Just For Fun
Miscellaneous
History
Literature
Language
Science
Gaming
Entertainment
Religion
Holiday
For Kids
Quiz Lab
Recent
Popular Today
Quiz Kudos Today
Editor Picks
Curator Picks
Quizzes by...
Day
Popularity
Type
Ratings
Length
Year
Community
Subscriptions
Recent Discussions
Orange Saloon
Badges
Playlists
Quests
Create
Leaderboards
Showdown
Live 5
Trivia Bingo
Activity
Puzzle Library
Sporcle Events
Private Events
Virtual Trivia
Globe League
Become a Host
Pub Owners
SporcleCon
Opinionation
Our Games
Videos
Blog
Mobile Apps
Partnerships
Remove Ads and Go Orange
Feedback
Sports
Athletes
MLB
NBA
NHL
NFL
Soccer
Sports Teams
WWE
NCAA
Football
Premier League
Basketball
Baseball
Hockey
Golf
Tennis
Cricket
Rugby
Auto Racing
Olympics
World Cup
Sports
Athletes
MLB
NBA
NHL
NFL
Soccer
Sports Teams
WWE
NCAA
Football
Premier League
Basketball
Baseball
Hockey
Golf
Tennis
Cricket
Rugby
Auto Racing
Olympics
World Cup
Random Quiz
Search Sporcle
×
Quiz Lab
Quiz Lab
Sports
World
Type in answers that appear in a list
Type in answers that appear in a list
Classic
Best Score? Go Orange.
Group F 2014 World Cup Players Stats
Can you name the Group F 2014 World Cup Squads
By
ocho0032
10m
96 Questions
120 Plays
120 Plays
120 Plays
Comments
Comments
Give Quiz Kudos
Give Quiz Kudos
-
- Ratings
hide this ad
Replay
Link that replays current quiz
Next Quiz
Link to next quiz in quiz playlist
You Got
0%
They Got
Avg Score
42%
Avg Friend Score
Upgrade to see
Score Distribution
Jump to the score distribution portion of the page
Score
0/96
Timer
10:00
0
Plays Today
Country
Player
% Correct
Argentina
Lionel Messi
99.2%
Argentina
Gonzalo Higuain
97.5%
Argentina
Sergio Romero
96.7%
Bosnia and Herzegovina
Edin Dzeko
96.7%
Argentina
Angel Di Maria
93.3%
Argentina
Sergio Aguero
93.3%
Argentina
Marcos Rojo
82.5%
Argentina
Pablo Zabaleta
81.7%
Argentina
Javier Mascherano
80.8%
Bosnia and Herzegovina
Asmir Begovic
80%
Argentina
Ezequiel Lavezzi
78.3%
Nigeria
John Obi Mikel
77.5%
Argentina
Martin Demichelis
75%
Argentina
Rodrigo Palacio
75%
Bosnia and Herzegovina
Miralem Pjanic
75%
Argentina
Alejandro Sabella
74.2%
Argentina
Ezequiel Garay
73.3%
Bosnia and Herzegovina
Vedad Ibisevic
73.3%
Nigeria
Vincent Enyeama
73.3%
Argentina
Federico Fernandez
72.5%
Argentina
Augusto Fernandez
72.5%
Argentina
Fernando Gago
69.2%
Nigeria
Peter Odemwingie
64.2%
Bosnia and Herzegovina
Zvjezdan Misimovic
63.3%
Nigeria
Joseph Yobo
62.5%
Argentina
Lucas Biglia
60.8%
Nigeria
Emmanuel Emenike
60%
Iran
Ashkan Dejagah
57.5%
Bosnia and Herzegovina
Sead Kolasinac
56.7%
Argentina
Mariano Andujar
55%
Iran
Reza Ghoochannejhad
55%
Argentina
Maxi Rodriguez
54.2%
Country
Player
% Correct
Argentina
Enzo Perez
54.2%
Nigeria
Ahmed Musa
53.3%
Bosnia and Herzegovina
Emir Spahic
51.7%
Nigeria
Stephen Keshi
50.8%
Bosnia and Herzegovina
Safet Susic
48.3%
Iran
Javad Nekounam
48.3%
Iran
Carlos Queiroz
48.3%
Bosnia and Herzegovina
Tino-Sven Susic
47.5%
Nigeria
Victor Moses
46.7%
Nigeria
Efe Ambrose
45.8%
Argentina
Agustin Orion
45%
Argentina
Ricardo Alvarez
41.7%
Argentina
Hugo Campagnaro
39.2%
Bosnia and Herzegovina
Sejad Salihovic
39.2%
Nigeria
Uche Nwofor
39.2%
Nigeria
Ogenyi Onazi
38.3%
Nigeria
Kenneth Omeruo
36.7%
Nigeria
Shola Ameobi
34.2%
Argentina
Jose Maria Basanta
33.3%
Bosnia and Herzegovina
Avdija Vrsajevic
33.3%
Bosnia and Herzegovina
Senad Lulic
33.3%
Nigeria
Austin Ejide
33.3%
Bosnia and Herzegovina
Muhamed Besic
32.5%
Iran
Steven Beitashour
31.7%
Iran
Alireza Haghighi
30.8%
Iran
Reza Haghighi
30.8%
Bosnia and Herzegovina
Asmir Avdukic
29.2%
Iran
Andranik Teymourian
29.2%
Iran
Alireza Jahanbakhsh
29.2%
Iran
Daniel Davari
27.5%
Iran
Ehsan Hajsafi
26.7%
Bosnia and Herzegovina
Senijad Ibricic
25.8%
Country
Player
% Correct
Bosnia and Herzegovina
Haris Medunjanin
25%
Bosnia and Herzegovina
Jasmin Fejzic
23.3%
Bosnia and Herzegovina
Ognjen Vranjes
22.5%
Iran
Masoud Shojaei
21.7%
Bosnia and Herzegovina
Ermin Bicakcic
20.8%
Iran
Rahman Ahmadi
20.8%
Nigeria
Michael Uchebo
20.8%
Nigeria
Chigozie Agbim
20%
Bosnia and Herzegovina
Edin Visca
19.2%
Bosnia and Herzegovina
Izet Hajrovic
19.2%
Bosnia and Herzegovina
Mensur Mujdza
18.3%
Nigeria
Ramon Azeez
18.3%
Nigeria
Juwon Oshaniwa
15.8%
Bosnia and Herzegovina
Toni Sunjic
14.2%
Nigeria
Godfrey Oboabona
14.2%
Nigeria
Reuben Gabriel
14.2%
Nigeria
Ejike Uzoenyi
13.3%
Nigeria
Michel Babatunde
12.5%
Iran
Amir Hossein Sadeghi
11.7%
Iran
Karim Ansarifard
11.7%
Iran
Mehrdad Pouladi
10.8%
Iran
Pejman Montazeri
10%
Iran
Bakhtiar Rahmani
10%
Iran
Jalal Hosseini
9.2%
Nigeria
Azubuike Egwuekwe
9.2%
Bosnia and Herzegovina
Anel Hadzic
8.3%
Iran
Khosro Heydari
8.3%
Iran
Jossein Mahini
7.5%
Iran
Hashem Beikzadeh
7.5%
Iran
Ahmad Alenemeh
6.7%
Nigeria
Kunle Odunlami
6.7%
Iran
Ghasem Haddadifar
5.8%
Quiz Playlist
Details
Report
Send in Message
Add To Playlist
Classic:
Type in answers that appear in a list
Last Updated: Feb 16, 2017
Quiz Scoreboard
CHALLENGE
Sign Up to Join the Scoreboard
Show All
Scores
Hide
Comments
May contain spoilers
Recently Published
Two Season TV Shows II
by 123Four
Television
10m
Image Sorting: Flags VI
by Barbecue
Geography
2m
Find the 'City' Movie
by crazypaving
Movies
60s
More to Explore
Quiz From the Vault
Featured Blog Post
14 Easter Pick-up Lines to Find Eggs With
hide this ad
You Might Also Like...
Tags
Country Quiz
World Quiz
2014
cup
group
Player
Squad
Today's Top Quizzes in Sports
Browse Sports
hide this ad
Today's Top Quizzes in World
Browse World
Top Contributed Quizzes in Sports
1
Les meilleurs buteurs des matchs entre le PSG et l’OM
2
Les entraîneurs de l'OM et du PSG au 21e siècle
3
2022 World Cup Stars
4
Les joueurs passés par le PSG et l'OM
5
Players with Multiple 50 Home Run Seasons
6
FIFA Club World Cup Champions
7
Criteria MLB: Left Handed Sluggers
8
Les joueurs passés par le LOSC et le RC Lens
9
Top 10 NHL Goal Scorers of All Time
10
MLB Players with Two .350 Batting Average Seasons
Explore More
Trending Topics
NBA
Marvel
Anime
Kpop
Disney
Crossword
Harry Potter
Song
Pokémon
NFL
Country
WWE
Puzzle
The Office
Soccer
hide this ad
More By:
ocho0032
Quiz
Plays
Rating
Category
Featured
Created
Longest Rivers in Single Country
388
4.43
Geography
Nov 10, 2015
Group A 2014 World Cup Players
281
4.33
Sports
Jun 2, 2014
Group B 2014 World Cup Players
208
5.00
Sports
Jun 2, 2014
Largest Islands in Single Country
171
4.90
Geography
Nov 12, 2015
Group C 2014 World Cup Players
159
4.00
Sports
Jun 2, 2014
Go to Creator's Profile
Score Distribution
Quiz Creator Spotlight
ocho0032
Follow
Send a Message
Quizzes Created
-
Created Quiz Play Count
-
More By This Creator
Popular Quizzes Today
1
Find the US States - No Outlines Minefield
2
Colored Red Africa Blitz
3
Find the 'City' Movie
4
5x2 Blitz: Bands
5
The Countries of the World
6
Find the Countries of Europe - No Outlines Minefield
7
Find the US States
8
US States
More Sports Quizzes
Footballers' Facial Features
Curator's Pick
Trending Quizzes
Colored Red Europe Blitz I
Colored Red Africa Blitz II
Colored Red Europe Blitz II
Colored Red Africa Blitz III
Colored Red Europe Blitz III
Recently Updated
How Do You Spell That?
pecheneg
Godzilla Movies
pecheneg
Grab Bag: 4-10 Letters
pecheneg
2024 March Madness Bracket
pecheneg
Famous TV Couples
Peacemaker
Champions League XIs: Real Madrid
pecheneg
Largest US Cities 1790-2010
pecheneg
Rides in Walt Disney World
pecheneg
Most Oscar Losses (Acting)
pecheneg
Beyoncé Albums
pecheneg
Trending Topics
Kpop
Crossword
Marvel
NBA
Anime
Disney
Harry Potter
Country
Pokémon
WWE
Soccer
Puzzle
Song
NFL
The Office
Your Account Isn't Verified!
In order to create a playlist on Sporcle, you need to verify the email address you used during registration. Go to your
Sporcle Settings
to finish the process.
Report this User
Report this user for behavior that violates our
Community Guidelines
.
Details:
Send Report
Go to the Sporcle.com Mobile Site →
Comments